| 000 | 00352nam a22001337a 4500 | ||
|---|---|---|---|
| 008 | 250327b |||||||| |||| 00| 0 eng d | ||
| 020 | _a1412902711 | ||
| 050 |
_aPN4784 _b.A53 |
||
| 100 | _aANDREWS Phil | ||
| 245 | _aSport Journalism: A Practical Introduction | ||
| 260 |
_aNew Delhi _bSage Publications PVT Ltd. _c2005 |
||
| 300 | _avi, p. | ||
| 942 | _cBK | ||
| 999 |
_c2780 _d2780 |
||